| 000 | 00418pab a2200145 454500 | ||
|---|---|---|---|
| 008 | 180718b1983 xxu||||| |||| 00| 0 eng d | ||
| 100 | _aNice, David C. | ||
| 245 | _aChaning party loyalty of state delegations to the U.S. house of representatives 1953-1976 | ||
| 260 | _c1983 | ||
| 300 | _a312-25 | ||
| 362 | _aJune | ||
| 650 | _aPolitical Parties - U.S.A. | ||
| 773 | _aWestern Political Quarterly | ||
| 909 | _a15353 | ||
| 999 |
_c15353 _d15353 |
||